| 000 | 00750nam a22002177a 4500 | ||
|---|---|---|---|
| 999 |
_c12489 _d12489 |
||
| 003 | AR-CdUCM | ||
| 008 | 190409b ||||| |||| 00| 0 spa d | ||
| 040 |
_aMUNICIPALIDAD PROVINCIAL DEL CUSCO _cBIBLIOTECA MUNICIPAL DEL CUSCO |
||
| 082 |
_a343.6 / _bC26 / 1929 |
||
| 100 |
_aCastro Agusti, Fernando Luis _930351 |
||
| 245 |
_aAnales judiciales de la Corte Suprema de la República : _bAño judicial de 1947 / |
||
| 260 |
_aLima : _bTip.Lit Caballero e hijos, _c1929. |
||
| 300 |
_a280 paginas ; _c25 cm. |
||
| 505 | _aContenido :Anales judiciales / | ||
| 650 |
_aDerecho civil _97386 |
||
| 650 |
_aDerecho penal _95831 |
||
| 650 |
_aJusticia, Administración _925975 |
||
| 650 |
_aPerú _935 |
||
| 942 |
_2ddc _cLIBROS |
||
| 945 |
_arjall _d2019-04-08 |
||